00410nam a2200109Ia 4500008004100000050001900041100004700060245009200107260003400199300001900233650004800252120626s9999 xx 000 0 und d aLE7 bM599 J55 aJiménez Mier y Terán, Fernandoeautor  aEl autoritarismo en el gobierno de la U.N.A.M. c/ Fernando, Jiménez Mier y Terán  aMéxico b: Cultura Popular  a231 páginas  0aUNIVERSIDAD NACIONAL AUTÓNOMA DE MÉXICO